Sporcle Live Newsletter Quiz - Week of 2/11/14 Stats

 Plays Quiz not verified by Sporcle

Score 0/7 Timer 05:00
0 Plays Today
Question Answer % Correct
In which current U.S. state did the Battle of Frenchtown occur during the War of 1812?Michigan
46.7%
What year did cable network Showtime first launch?1976
43.6%
What 2010 film starred Kristen Bell and Josh Duhamel?When in Rome
40.9%
Deep Ellum is a neighborhood in what major U.S. city?Dallas, TX
31.7%
What U.S. president was born in Cove Gap, PA in 1791?James Buchanan
30.9%
What comedian did Jerry Seinfeld call 'The Picasso of our profession?'Richard Pryor
25.9%
Jay Kay is best known as the lead singer of what Grammy Award winning British band?Jamiroquai
24.7%

You're not logged in!

Compare scores with friends on all Sporcle quizzes.
Join for Free
OR
Log In

You Might Also Like...

Show Comments

Extras

Top Quizzes Today


Score Distribution

Your Account Isn't Verified!

In order to create a playlist on Sporcle, you need to verify the email address you used during registration. Go to your Sporcle Settings to finish the process.

Report this User

Report this user for behavior that violates our Community Guidelines.

Details: